000 00446nab a22001457 4500
003 ES-SlBCS
005 20210327224030.0
008 140521s2014 sp ||||| |||| 00| 0 spa d
040 _aES-SlBC
_bspa
041 _aspa
100 1 _aSchrijver, Georges de
_918994
245 1 0 _aEstudio crítico del movimiento "Ortodoxia radical"
_cGeorges De Schrijver
773 0 _gNúm. 355, 2014, págs. 109-122
_tConcilium
_wRev134
_x0210-1041
942 _2lcc
_cAR
999 _c454026
_d454026